El marxismo: visión crítica
Saved in:
| Hovedforfatter: | |
|---|---|
| Format: | Bog |
| Sprog: | spansk |
| Udgivet: |
Santiago
Nueva Universidad
1973
|
| Serier: | Colección universidad y ciencias sociales
|
| Fag: | |
| Tags: |
Tilføj Tag
Ingen Tags, Vær først til at tagge denne postø!
|
MARC
| LEADER | 00000nam a2200000 a 4500 | ||
|---|---|---|---|
| 001 | UCZ0677 | ||
| 003 | CL-VaPUC | ||
| 008 | 950809e19730700CL |||||||||||||||||spa|d | ||
| 082 | 0 | 4 | |a 320.5322 |b IBA |2 21 |
| 100 | |a Ibáñez Langlois, José Miguel |e author |9 316900 | ||
| 245 | 1 | 3 | |a El marxismo: visión crítica |
| 300 | |a 355 p | ||
| 600 | 0 | |a Marx, Karl Heinrich, |d 1818-1883 |9 861123 | |
| 942 | |c BK | ||
| 945 | |d 19950809 00:00:00 |a mfernand | ||
| 260 | |a Santiago |b Nueva Universidad |c 1973 | ||
| 650 | 0 | |a Comunismo |9 255588 | |
| 650 | 0 | |a Ateísmo |9 265671 | |
| 650 | 0 | |a Materialismo |9 265687 | |
| 650 | 0 | |a Cristianismo |9 257361 | |
| 650 | 0 | |a Alienación social |9 343768 | |
| 650 | 7 | |a CONFLICTO DE CLASES |2 CL-VaPUC |9 337068 | |
| 583 | |a last modification |c 20140411 12:20:53 |k Rodrigo Vera | ||
| 490 | 0 | |a Colección universidad y ciencias sociales | |
| 999 | |c 237588 |d 237586 | ||
| 952 | |0 0 |1 0 |4 0 |6 320_532200000000000_IBA_1973 |7 0 |8 P |9 246940 |a BIBEDU |b BIBEDU |c BIBEDU_PB |d 2019-11-18 |i 1540742 |o 320.5322 IBA 1973 |p 1540742 |r 2024-01-25 |w 2019-11-18 |y BK |k EDU | ||
| 952 | |0 0 |1 0 |4 0 |6 320_532200000000000_IBA_1973 |7 0 |8 A |9 246941 |a BIBHIS |b BIBHIS |d 2019-11-18 |i 4439279 |o 320.5322 IBA 1973 |p 4439279 |r 2025-01-20 |w 2019-11-18 |y BK |k HIS | ||